00627 2200253 4500001002100000005001500021035002000036007000300056008004100059100001400100245003500114250001300149300003400162082001100196084001700207090002200224260003500246650001300281650000900294850001000303020002200313990001900335990001900354INLIS00000000000354520260530120847 a0010-0621000077ta260530 0 0 aRahmat O.1 aMengenal Atmosfer /cRahmat O. a--Cet--1 aiv, 54 hlm. :bilus. ;c21 cm a551.51 a551.51 RAH m a551.42 SUW p 16-5 a--Bandung :bPuri Delco,c2009 4aAtmosfer 4aAlam aPUPAD a978-602-8713-27-6 a239/S/KAPD-PDG a240/S/KAPD-PDG